LEADER 01754nam 2200361Ia 450 001 996394170303316 005 20200818231103.0 035 $a(CKB)4940000000114885 035 $a(EEBO)2248528150 035 $a(UnM)99896623e 035 $a(UnM)99896623 035 $a(EXLCZ)994940000000114885 100 $a19981120d1680 uy | 101 0 $aeng 135 $aurbn||||a|bb| 200 14$aThe worthy communicant: or, a treatise, shewing the due order of receiving the sacrament of the Lord's Supper. By Jeremiah Dyke$b[electronic resource] $eWhereunto is added, a dialogue between a minister and a private Christian; wherein the doctrine and ordinance of the Lord's Supper is explained; the objections of enthusiasts, and corruptions of Papists are obviated; and several cases of conscience and doubts resolved 205 $aThe 16th edition; with the addition of meditations and prayers, before, at, and after the administration. 210 $aLondon $cprinted for Nathaniel Ranew at the King's Arms, and Jonathan Robinson at the Golden Lion, in St. Paul's Church-yard$d1680 215 $a[12], 240 p 300 $aReproduction of original in the Dr. Williams' Library, London. 330 $aeebo-0037 606 $aLord's Supper$vPrayer-books and devotions$vEarly works to 1800 606 $aTheology, Doctrinal$vEarly works to 1800 615 0$aLord's Supper 615 0$aTheology, Doctrinal 700 $aDyke$b Jeremiah$f1584-1639.$01001094 801 0$bCu-RivES 801 1$bCu-RivES 801 2$bWaOLN 906 $aBOOK 912 $a996394170303316 996 $aThe worthy communicant: or, a treatise, shewing the due order of receiving the sacrament of the Lord's Supper. By Jeremiah Dyke$92345409 997 $aUNISA LEADER 03526nam 2201009z- 450 001 9910576883503321 005 20220621 035 $a(CKB)5720000000008339 035 $a(oapen)https://directory.doabooks.org/handle/20.500.12854/84434 035 $a(oapen)doab84434 035 $a(EXLCZ)995720000000008339 100 $a20202206d2022 |y 0 101 0 $aeng 135 $aurmn|---annan 181 $ctxt$2rdacontent 182 $cc$2rdamedia 183 $acr$2rdacarrier 200 00$aInnovations in Photogrammetry and Remote Sensing$eModern Sensors, New Processing Strategies and Frontiers in Applications 210 $aBasel$cMDPI - Multidisciplinary Digital Publishing Institute$d2022 215 $a1 online resource (216 p.) 311 08$a3-0365-3932-8 311 08$a3-0365-3931-X 330 $aThe Special Issue collects papers showing the progress made in key areas of photogrammetry and remote sensing such as modern and/or forthcoming sensors, improvements in data processing strategies and assessment of their reliability, application of innovations as proof of the contribution offered in the observation of the natural and built environment with better understanding of phenomena at required spatial scale. 517 $aInnovations in Photogrammetry and Remote Sensing 606 $aHistory of engineering & technology$2bicssc 606 $aTechnology: general issues$2bicssc 610 $a3D reconstruction 610 $aartificial neural network 610 $aBeirut 610 $acamera calibration 610 $achange detection 610 $acomputer vision 610 $aCopernicus 610 $adamage proxy map 610 $adeep learning 610 $adense image matching 610 $adense image matching (DIM) 610 $adense point cloud 610 $adigital elevation model 610 $adome effect 610 $aenhancement 610 $aexplosion 610 $ageometric error 610 $aGNSS-assisted block orientation 610 $ahigh-precision calibration 610 $aimage histogram 610 $aimage processing 610 $aInSAR 610 $aisolated objects 610 $aLebanon 610 $amesh model 610 $amodeling 610 $aMonte Carlo simulation 610 $amultiple view stereo (MVS) 610 $an/a 610 $anatural disasters 610 $anoise estimation 610 $aoptical flow estimation 610 $aoptical remote sensing image 610 $aphotogrammetry 610 $apoint cloud 610 $apoint clouds 610 $apreprocessing 610 $aradiometric calibration 610 $aroughness 610 $asample optimization 610 $aSentinel-1 610 $aSentinel-2 610 $asoil moisture content 610 $aStructure from Motion (SfM) 610 $asurface reconstruction 610 $asynthetic aperture radar 610 $athreshold selection 610 $aUAV 610 $aVHR tri-stereo satellite imagery 610 $avisibility constraints 610 $avolumetric methods 615 7$aHistory of engineering & technology 615 7$aTechnology: general issues 700 $aPirotti$b Francesco$4edt$01328893 702 $aMancini$b Francesco$4edt 702 $aPirotti$b Francesco$4oth 702 $aMancini$b Francesco$4oth 906 $aBOOK 912 $a9910576883503321 996 $aInnovations in Photogrammetry and Remote Sensing$93039093 997 $aUNINA